|
|
|
|
| LEADER |
00737nam a2200181 a 4500 |
| 001 |
GR-MES2475 |
| 008 |
991111s1996 gr 000 0 gre d |
| 020 |
|
|
|a 9602325410
|
| 040 |
|
|
|a GrPaTEI
|b gre
|c GR-PaULI
|
| 245 |
0 |
0 |
|a Κληρονομικό δίκαιο :
|b Γενικό μέρος.
|
| 260 |
|
|
|a Αθήνα :
|b Σάκκουλας,
|c 1996
|
| 300 |
|
|
|a 223σελ.
|
| 650 |
|
4 |
|a Κληρονομικό Δίκαιο
|
| 700 |
1 |
|
|a Φίλιος, Παύλος
|
| 942 |
|
|
|2 ddc
|
| 952 |
|
|
|0 0
|1 0
|2 ddc
|4 0
|6 343_053000000000000_2_ΦΙΛ
|7 0
|9 266874
|a MSLG
|b MSLG
|c BSC
|d 2021-01-17
|e 24
|f 0
|g 0.00
|l 0
|o 343.053 2 ΦΙΛ
|p 2420000013720
|r 2021-01-17 00:00:00
|t 1
|w 2021-01-17
|y BK15
|x 19991111 0 1
|x GrPaTEI
|
| 971 |
|
|
|a .b25735202
|b 16-04-20
|c 13-09-16
|
| 999 |
|
|
|c 153576
|d 153576
|